000
00348nam a2200145Ia 4500
008
181130s2018 xx 000 0 und d
100
_a
Ireton, Emma
245
_a
How public is a public inquiry?
260
_c
2018
300
_a
p.277-298.
504
_d
Apr
650
_a
Public inquiries
773
_a
Public Law
906
_a
Public inquiries
999
_c
506295
_d
506295